[Event "ESP-chT Rapid"]
[Site "Ubeda"]
[Date "2023.09.23"]
[Round "4.8"]
[White "Castejon Caballero, Andres"]
[Black "Hervada Serrano, Dario"]
[Result "1/2-1/2"]
[WhiteElo "2018"]
[BlackElo "1824"]
[PlyCount "104"]
[EventDate "2023.09.23"]
[EventType "team-swiss (rapid)"]
[EventRounds "9"]
[EventCountry "ESP"]
[SourceTitle "EXT 2024"]
[Source "ChessBase"]
[SourceDate "2023.10.10"]
[SourceVersion "1"]
[SourceVersionDate "2023.10.10"]
[SourceQuality "1"]
[WhiteTeam "Alcorcon Diagonal II"]
[BlackTeam "Reina Juana"]
[WhiteTeamCountry "ESP"]
[BlackTeamCountry "ESP"]

1. e4 c5 2. Nf3 Nc6 3. d4 cxd4 4. Nxd4 e5 5. Nb5 a6 6. Nd6+ Bxd6 7. Qxd6 Qf6 8. Qd3 Qg6 9. a3 Nf6 10. Nc3 0-0 11. Be3 b5 12. f3 b4 13. Nd5 bxa3 14. Rxa3 Nxd5 15. exd5 Nb4 16. Qxg6 hxg6 17. Bd3 Nxd5 18. Bc5 Re8 19. Be4 Bb7 20. Rd3 Nf4 21. Bxb7 Nxd3+ 22. cxd3 Rab8 23. Bxa6 Rxb2 24. 0-0 d5 25. d4 Ra8 26. Bd3 Raa2 27. Rd1 Rxg2+ 28. Kf1 Rxh2 29. dxe5 Rh5 30. Bd4 Rh3 31. Be2 Rh2 32. Bf2 Rh1+ 33. Kg2 Rxd1 34. Bxd1 d4 35. Kf1 d3 36. Be3 Kf8 37. Bc5+ Ke8 38. Bd4 Kd7 39. Bb3 Rh2 40. Ke1 Ke8 41. Bd5 g5 42. Be4 g4 43. Bc6+ Ke7 44. fxg4 Rh4 45. Bf3 Rh3 46. Be4 g6 47. Kd2 Rg3 48. Be3 Rxg4 49. Kxd3 Ke6 50. Bf3 Ra4 51. Bd4 f6 52. exf6 Rxd4+ 1/2-1/2

[Event "Santiago de Compostela Bicapawn GP Rap"]
[Site "Santiago de Compostela"]
[Date "2022.10.22"]
[Round "5"]
[White "Fernandez Guillen, Ernesto J"]
[Black "Castejon Caballero, Andres"]
[Result "1-0"]
[WhiteElo "2441"]
[BlackElo "2027"]
[PlyCount "59"]
[EventDate "2022.10.22"]
[EventType "swiss (rapid)"]
[EventRounds "9"]
[EventCountry "ESP"]
[SourceTitle "CBM 210 Extra"]
[Source "ChessBase"]
[SourceDate "2022.11.30"]
[SourceVersion "1"]
[SourceVersionDate "2022.11.30"]
[SourceQuality "1"]

1. e4 c5 2. Nf3 Nc6 3. Nc3 Nf6 4. d4 cxd4 5. Nxd4 e5 6. Ndb5 d6 7. Bg5 a6 8. Na3 b5 9. Nd5 Be7 10. Bxf6 Bxf6 11. c4 b4 12. Nc2 a5 13. g3 0-0 14. Bg2 Bg5 15. 0-0 Be6 16. Qd3 Rc8 17. b3 f5 18. exf5 Bxf5 19. Be4 g6 20. Rad1 Kh8 21. Nde3 Bxe4 22. Qxe4 Ne7 23. h4 Bh6 24. Rd3 Rc5 25. Rfd1 Nc8 26. a3 bxa3 27. Nxa3 Bxe3 28. Qxe3 Qf6 29. Nb5 Rd8 30. Qxc5 1-0

[Event "Santiago de Compostela Bicapawn GP B2"]
[Site "Santiago de Compostela"]
[Date "2022.10.20"]
[Round "3"]
[White "Castejon Caballero, Andres"]
[Black "Portela Peleteiro, Alberto"]
[Result "0-1"]
[WhiteElo "2027"]
[BlackElo "2348"]
[PlyCount "75"]
[EventDate "2022.10.20"]
[EventType "swiss (blitz)"]
[EventRounds "9"]
[EventCountry "ESP"]
[SourceTitle "CBM 210 Extra"]
[Source "ChessBase"]
[SourceDate "2022.11.30"]
[SourceVersion "1"]
[SourceVersionDate "2022.11.30"]
[SourceQuality "1"]

1. e4 c5 2. Nf3 Nc6 3. d4 cxd4 4. Nxd4 Nf6 5. Nc3 e5 6. Ndb5 d6 7. Bg5 a6 8. Na3 Be6 9. Bxf6 gxf6 10. Nd5 f5 11. exf5 Bxf5 12. c3 Be6 13. Nc2 Bg7 14. Nce3 0-0 15. Qh5 e4 16. Bc4 Ne5 17. Be2 f5 18. 0-0-0 Rc8 19. Kb1 Kh8 20. f3 f4 21. Nc2 e3 22. g3 Qa5 23. Ndb4 Qc5 24. gxf4 Rxf4 25. Rhg1 a5 26. Nd3 Nxd3 27. Qxc5 Nxc5 28. Rxd6 Bf5 29. Kc1 Na4 30. Rd7 Be5 31. Nd4 Bxd4 32. Bc4 Bf6 33. Bd5 Nxc3 34. bxc3 Bxc3 35. Kd1 Rd4+ 36. Ke2 Bd2 37. Rdg7 Bd3+ 38. Kd1 0-1

[Event "La Roda op 48th"]
[Site "La Roda"]
[Date "2022.04.14"]
[Round "2"]
[White "Lopez Martinez, Josep Manuel"]
[Black "Castejon Caballero, Andres"]
[Result "1-0"]
[WhiteElo "2493"]
[BlackElo "2046"]
[PlyCount "37"]
[EventDate "2022.04.13"]
[EventType "swiss"]
[EventRounds "9"]
[EventCountry "ESP"]
[SourceTitle "CBM 207 Extra"]
[Source "ChessBase"]
[SourceDate "2022.05.31"]
[SourceVersion "1"]
[SourceVersionDate "2022.05.31"]
[SourceQuality "1"]

1. e4 c5 2. Nc3 Nc6 3. Bb5 g6 4. Bxc6 dxc6 5. f4 e5 6. d3 Bd6 7. fxe5 Bxe5 8. Nf3 Bg4 9. 0-0 Qc7 10. h3 Bxf3 11. Qxf3 f6 12. Ne2 Ne7 13. c3 0-0-0 14. d4 cxd4 15. cxd4 Bxd4+ 16. Nxd4 Rxd4 17. Qxf6 Rhd8 18. Bf4 Qb6 19. Be3 1-0

[Event "Alcorcon Diagonal op 1st"]
[Site "Alcorcon"]
[Date "2022.01.22"]
[Round "2"]
[White "Castejon Caballero, Andres"]
[Black "De Dompablo Fantova, Juan"]
[Result "1-0"]
[WhiteElo "2047"]
[BlackElo "1711"]
[PlyCount "39"]
[EventDate "2022.01.15"]
[EventType "swiss"]
[EventRounds "7"]
[EventCountry "ESP"]
[SourceTitle "EXT 2023"]
[Source "ChessBase"]
[SourceDate "2022.10.05"]
[SourceVersion "1"]
[SourceVersionDate "2022.10.05"]
[SourceQuality "1"]

1. e4 e5 2. Nf3 Nc6 3. d4 exd4 4. Bc4 Bc5 5. c3 Nf6 6. 0-0 Nxe4 7. cxd4 Bb6 8. Re1 d5 9. Bxd5 Qxd5 10. Nc3 Qh5 11. Rxe4+ Kf8 12. d5 Ne7 13. d6 cxd6 14. Bg5 f6 15. Qxd6 Qe8 16. Rae1 Bd8 17. Nd5 Qd7 18. Bf4 Qxd6 19. Bxd6 Bf5 20. Bxe7+ 1-0

[Event "San Sebastian de los Reyes op 15th"]
[Site "San Sebastian"]
[Date "2013.12.06"]
[Round "7"]
[White "Castejon Caballero, Andres"]
[Black "Martinez de Navascues, Francisco"]
[Result "1-0"]
[WhiteElo "2121"]
[BlackElo "1656"]
[PlyCount "119"]
[EventDate "2013.11.30"]
[EventType "swiss"]
[EventRounds "9"]
[EventCountry "ESP"]
[SourceTitle "CBM 157 Extra"]
[Source "ChessBase"]
[SourceDate "2013.12.19"]
[SourceVersion "1"]
[SourceVersionDate "2013.12.19"]
[SourceQuality "1"]

1. e4 c5 2. Nf3 e6 3. d4 cxd4 4. Nxd4 Nc6 5. Nxc6 bxc6 6. Bd3 Nf6 7. 0-0 e5 8. Be3 d6 9. h3 Be7 10. c4 0-0 11. Nc3 Nd7 12. Na4 Bg5 13. Bxg5 Qxg5 14. c5 Nxc5 15. Nxc5 dxc5 16. Qf3 Be6 17. Rfc1 Rab8 18. b3 Rfd8 19. Rxc5 Qd2 20. Bf1 Qb2 21. Qc3 Qxc3 22. Rxc3 Rd6 23. Rac1 Rc8 24. Ba6 Rc7 25. Kf1 Kf8 26. Ke2 Ke7 27. R1c2 g6 28. Rc5 f6 29. Bc4 Bxc4+ 30. R5xc4 Kd7 31. Rc5 Rd4 32. Rd2 Kd6 33. Ra5 Rxd2+ 34. Kxd2 Ke6 35. Ra6 Ke7 36. Kc3 Kd7 37. Kc4 Kd6 38. b4 f5 39. exf5 gxf5 40. Ra3 Rg7 41. Rd3+ Kc7 42. g3 Rd7 43. Rxd7+ Kxd7 44. Kc5 h5 45. h4 Kc7 46. b5 cxb5 47. Kxb5 f4 48. gxf4 exf4 49. Kc5 f3 50. Kd5 Kd7 51. Ke5 a6 52. Kf4 Ke6 53. Kxf3 Kf5 54. Ke3 Kg4 55. f4 Kxh4 56. Kf3 a5 57. a4 Kh3 58. f5 h4 59. f6 Kh2 60. f7 1-0

[Event "San Sebastian de los Reyes op 12th"]
[Site "San Sebastian"]
[Date "2010.12.06"]
[Round "7"]
[White "Galan Aguado, Fernando"]
[Black "Castejon Caballero, Andres"]
[Result "1/2-1/2"]
[WhiteElo "1823"]
[BlackElo "2077"]
[PlyCount "51"]
[EventDate "2010.11.30"]
[EventType "swiss"]
[EventRounds "9"]
[EventCountry "ESP"]
[SourceTitle "CBM 139 Extra"]
[Source "ChessBase"]
[SourceDate "2011.01.05"]
[SourceVersion "1"]
[SourceVersionDate "2011.01.05"]
[SourceQuality "1"]

1. d4 Nf6 2. Nf3 g6 3. Bf4 Bg7 4. h3 c5 5. e3 cxd4 6. exd4 Nc6 7. c3 d6 8. Be2 Qb6 9. Qb3 Qxb3 10. axb3 Be6 11. Nbd2 0-0 12. 0-0 Bd7 13. Bb5 a6 14. Be2 Rfe8 15. Nc4 Nd5 16. Bh2 b5 17. Na5 Nxa5 18. Rxa5 e5 19. dxe5 dxe5 20. Rfa1 Nc7 21. Kf1 Bc6 22. c4 f6 23. Ne1 Rad8 24. Nd3 Bf8 25. f3 Ne6 26. Rxa6 1/2-1/2

[Event "San Sebastian de los Reyes op 12th"]
[Site "San Sebastian"]
[Date "2010.12.03"]
[Round "4"]
[White "Castejon Caballero, Andres"]
[Black "Perez Alvarez, Javier"]
[Result "1-0"]
[WhiteElo "2077"]
[BlackElo "1774"]
[PlyCount "49"]
[EventDate "2010.11.30"]
[EventType "swiss"]
[EventRounds "9"]
[EventCountry "ESP"]
[SourceTitle "CBM 139 Extra"]
[Source "ChessBase"]
[SourceDate "2011.01.05"]
[SourceVersion "1"]
[SourceVersionDate "2011.01.05"]
[SourceQuality "1"]

1. e4 e6 2. d3 d5 3. Nd2 Nf6 4. Ngf3 Nc6 5. e5 Nd7 6. d4 f6 7. exf6 Nxf6 8. Bb5 Bd7 9. 0-0 Bd6 10. c4 0-0 11. c5 Bf4 12. g3 Bxd2 13. Bxd2 Qe8 14. Bxc6 Bxc6 15. Ne5 Bb5 16. Re1 Nd7 17. Nxd7 Bxd7 18. Re5 Rf5 19. Bf4 Rxe5 20. Bxe5 c6 21. Qb3 Bc8 22. a4 a6 23. Qb6 Kf7 24. Ra3 Qd7 25. Rf3+ 1-0

[Event "San Sebastian de los Reyes op 12th"]
[Site "San Sebastian"]
[Date "2010.12.01"]
[Round "2"]
[White "Roa Alonso, Santiago"]
[Black "Castejon Caballero, Andres"]
[Result "1-0"]
[WhiteElo "2454"]
[BlackElo "2077"]
[PlyCount "83"]
[EventDate "2010.11.30"]
[EventType "swiss"]
[EventRounds "9"]
[EventCountry "ESP"]
[SourceTitle "CBM 139 Extra"]
[Source "ChessBase"]
[SourceDate "2011.01.05"]
[SourceVersion "1"]
[SourceVersionDate "2011.01.05"]
[SourceQuality "1"]

1. e4 e5 2. Nf3 Qe7 3. Bc4 h6 4. 0-0 Nf6 5. d4 d6 6. Nc3 c6 7. a4 g5 8. b3 Qc7 9. Ba3 Bg4 10. Be2 Nbd7 11. h3 Bxf3 12. Bxf3 h5 13. d5 cxd5 14. Nb5 Qb6 15. exd5 a6 16. Nc3 Rc8 17. Ne4 Rg8 18. Nxf6+ Nxf6 19. Bxh5 Nxh5 20. Qxh5 Rxc2 21. Qf3 Qc7 22. Rac1 Rxc1 23. Rxc1 Qd7 24. Rc4 Be7 25. Qc3 Bd8 26. Qc2 Rg6 27. g4 Rh6 28. Rc3 Kf8 29. Rf3 Rf6 30. Rxf6 Bxf6 31. Qh7 Ke7 32. Qh6 Qd8 33. h4 gxh4 34. g5 Bh8 35. Qxh4 Bg7 36. Qh7 Qa5 37. Qxg7 Qe1+ 38. Kg2 Qe4+ 39. Kf1 Qd3+ 40. Kg1 Qd1+ 41. Kh2 Qg4 42. Qxe5+ 1-0

[Event "San Sebastian de los Reyes op 12th"]
[Site "San Sebastian"]
[Date "2010.11.30"]
[Round "1"]
[White "Benito Mellado, Humberto"]
[Black "Castejon Caballero, Andres"]
[Result "0-1"]
[WhiteElo "1626"]
[BlackElo "2077"]
[PlyCount "86"]
[EventDate "2010.11.30"]
[EventType "swiss"]
[EventRounds "9"]
[EventCountry "ESP"]
[SourceTitle "CBM 139 Extra"]
[Source "ChessBase"]
[SourceDate "2011.01.05"]
[SourceVersion "1"]
[SourceVersionDate "2011.01.05"]
[SourceQuality "1"]

1. d4 Nf6 2. c4 g6 3. Nf3 Bg7 4. g3 d5 5. Bg2 0-0 6. 0-0 dxc4 7. Na3 c3 8. bxc3 c5 9. Nc4 Nc6 10. Nfe5 Be6 11. Nxc6 bxc6 12. Ne5 Bd5 13. Nxc6 Qd6 14. Ne5 Bxg2 15. Kxg2 Nd5 16. Nc4 Qc6 17. f3 cxd4 18. Na5 Qxc3 19. Nb3 Rfd8 20. Rb1 Rac8 21. Bb2 Ne3+ 22. Kg1 Nxd1 23. Bxc3 Nxc3 24. Rb2 d3 25. exd3 Rxd3 26. Rff2 Nd1 27. Rbc2 Rcd8 28. Rfe2 Ne3 29. Rc7 Bh6 30. Kf2 a5 31. Nxa5 Nd1+ 32. Kg2 Rd2 33. Kf1 Rxe2 34. Kxe2 Rd2+ 35. Ke1 Nb2 36. f4 Rxh2 37. Kf1 e5 38. Rc8+ Kg7 39. Rb8 exf4 40. gxf4 Bxf4 41. Rb3 Nd1 42. a4 Ne3+ 43. Kg1 Rg2+ 0-1

[Event "Collado Villalba op-A 26th"]
[Site "Collado Villalba"]
[Date "2009.08.22"]
[Round "2"]
[White "Teske, Henrik"]
[Black "Castejon Caballero, Andres"]
[Result "1-0"]
[WhiteElo "2536"]
[BlackElo "2184"]
[PlyCount "39"]
[EventDate "2009.08.21"]
[EventType "swiss"]
[EventRounds "9"]
[EventCountry "ESP"]
[SourceTitle "CBM 132 Extra"]
[Source "ChessBase"]
[SourceDate "2009.11.03"]
[SourceVersion "1"]
[SourceVersionDate "2009.11.03"]
[SourceQuality "1"]

1. d4 Nf6 2. Nf3 g6 3. c4 Bg7 4. g3 0-0 5. Bg2 d5 6. cxd5 Nxd5 7. 0-0 Nb6 8. Nc3 Nc6 9. Bf4 a6 10. d5 Na5 11. Rc1 Bxc3 12. Rxc3 c6 13. dxc6 Qxd1 14. Rxd1 Nxc6 15. Nd4 Nxd4 16. Rxd4 Be6 17. Bc7 Nd7 18. a4 Ra7 19. a5 Rc8 20. Rb4 1-0

[Event "Benasque op 29th"]
[Site "Benasque"]
[Date "2009.07.04"]
[Round "2"]
[White "Castejon Caballero, Andres"]
[Black "Burmakin, Vladimir"]
[Result "0-1"]
[WhiteElo "2184"]
[BlackElo "2627"]
[PlyCount "98"]
[EventDate "2009.07.03"]
[EventType "swiss"]
[EventRounds "11"]
[EventCountry "ESP"]
[SourceTitle "CBM 131 Extra"]
[Source "ChessBase"]
[SourceDate "2009.09.03"]
[SourceVersion "2"]
[SourceVersionDate "2009.09.16"]
[SourceQuality "1"]

1. e4 c6 2. d3 d5 3. Nd2 Nd7 4. Ngf3 Qc7 5. g3 Ngf6 6. Bg2 dxe4 7. dxe4 e5 8. 0-0 Bc5 9. a4 a5 10. Nb3 Bb6 11. Qe2 0-0 12. c4 Nc5 13. Nxc5 Bxc5 14. Bg5 Nd7 15. Rad1 Bb4 16. Ne1 Nc5 17. Be3 Be6 18. Qc2 Rad8 19. Nd3 Nxd3 20. Rxd3 Rxd3 21. Qxd3 Rd8 22. Qe2 Qd6 23. Bf3 Qd3 24. Qxd3 Rxd3 25. Be2 Rb3 26. Bc1 Bc5 27. Bd1 Rd3 28. Bc2 Rd6 29. b3 Bg4 30. Re1 Bf3 31. Be3 Bb4 32. Rb1 h5 33. h3 f6 34. h4 Kf7 35. Kf1 Ke6 36. Kg1 Rd7 37. Kf1 Ke7 38. Kg1 Kd8 39. Kf1 Kc8 40. Kg1 Kc7 41. Kf1 Rd8 42. Kg1 b6 43. Ra1 Bd2 44. Bxd2 Rxd2 45. Rc1 Be2 46. c5 bxc5 47. Kg2 Kb6 48. Kg1 c4 49. bxc4 Kc5 0-1

[Event "Madrid-ch sf-B"]
[Site "Madrid"]
[Date "2009.02.06"]
[Round "8"]
[White "Lopez de Turiso, Jose Angel"]
[Black "Castejon Caballero, Andres"]
[Result "1/2-1/2"]
[WhiteElo "2079"]
[BlackElo "2089"]
[PlyCount "69"]
[EventDate "2009.01.15"]
[EventType "swiss"]
[EventRounds "9"]
[EventCountry "ESP"]
[SourceTitle "CBM 128 Extra"]
[Source "ChessBase"]
[SourceDate "2009.03.05"]
[SourceVersion "2"]
[SourceVersionDate "2009.03.25"]
[SourceQuality "1"]

1. d4 Nf6 2. c4 g6 3. Nc3 d5 4. Nf3 Bg7 5. Bg5 Ne4 6. Bf4 Nxc3 7. bxc3 c5 8. e3 0-0 9. Rb1 Nc6 10. Qa4 cxd4 11. cxd4 Re8 12. cxd5 Qxd5 13. Bc4 Qa5+ 14. Qxa5 Nxa5 15. Bd5 e6 16. Be4 a6 17. Bc7 f5 18. Bd3 Nc6 19. Rb6 Bf8 20. 0-0 Bb4 21. Rb1 Re7 22. R6xb4 Rxc7 23. Rb6 a5 24. a3 a4 25. Rc1 Re7 26. Bb5 Ra5 27. Bxc6 bxc6 28. Rb8 Rc7 29. Rc5 Raa7 30. Ne5 Rab7 31. Nxc6 Rxc6 32. Rxc8+ Rxc8 33. Rxc8+ Kg7 34. g3 Rb3 35. h4 1/2-1/2

[Event "Madrid-ch sf-B"]
[Site "Madrid"]
[Date "2009.01.30"]
[Round "6"]
[White "Garcia Salamero, Gabriel"]
[Black "Castejon Caballero, Andres"]
[Result "1/2-1/2"]
[WhiteElo "2027"]
[BlackElo "2089"]
[PlyCount "85"]
[EventDate "2009.01.15"]
[EventType "swiss"]
[EventRounds "9"]
[EventCountry "ESP"]
[SourceTitle "CBM 128 Extra"]
[Source "ChessBase"]
[SourceDate "2009.03.05"]
[SourceVersion "2"]
[SourceVersionDate "2009.03.25"]
[SourceQuality "1"]

1. Nf3 Nf6 2. b3 c5 3. Bb2 Nc6 4. g3 d6 5. Bg2 e5 6. d3 g6 7. 0-0 Bg7 8. c4 0-0 9. Nc3 h6 10. Nd2 Nh7 11. e4 f5 12. exf5 gxf5 13. Nd5 f4 14. gxf4 exf4 15. Bxg7 Kxg7 16. Nf3 Ng5 17. Kh1 Be6 18. Rg1 Bxd5 19. cxd5 Ne5 20. Nxe5 dxe5 21. Be4 Kh8 22. Qh5 Qf6 23. Bg6 Kg7 24. Be4 Kh8 25. h4 Nxe4 26. Rg6 Nxf2+ 27. Kh2 Ng4+ 28. Qxg4 Rg8 29. Rxf6 Rxg4 30. Rxh6+ Kg7 31. Rh5 Kg6 32. Rxe5 Rh8 33. h5+ Rxh5+ 34. Rxh5 Kxh5 35. Rg1 Rxg1 36. Kxg1 Kg5 37. Kf2 Kf5 38. Kf3 Ke5 39. d6 Kxd6 40. Kxf4 Kd5 41. Ke3 Ke5 42. a3 b5 43. b4 1/2-1/2

[Event "Madrid-ch U18 0809"]
[Site "Madrid"]
[Date "2009.01.04"]
[Round "8"]
[White "Nieto de la Cruz, Julio"]
[Black "Castejon Caballero, Andres"]
[Result "1-0"]
[WhiteElo "2022"]
[BlackElo "2003"]
[PlyCount "55"]
[EventDate "2008.12.26"]
[EventType "swiss"]
[EventRounds "9"]
[EventCountry "ESP"]
[SourceTitle "CBM 128 Extra"]
[Source "ChessBase"]
[SourceDate "2009.03.05"]
[SourceVersion "2"]
[SourceVersionDate "2009.03.25"]
[SourceQuality "1"]

1. d4 Nf6 2. c4 g6 3. Nc3 d5 4. Nf3 Bg7 5. Bg5 Ne4 6. cxd5 Nxg5 7. Nxg5 e6 8. Qd2 h6 9. Nh3 exd5 10. Qe3+ Kf8 11. Nf4 c6 12. g3 Bf6 13. Bg2 Kg7 14. 0-0 Qb6 15. Rfd1 Qxb2 16. Rab1 Qc2 17. Rdc1 Qf5 18. Bh3 Qg5 19. Bxc8 Rxc8 20. Rxb7 Kg8 21. Ncxd5 Na6 22. Nxf6+ Qxf6 23. Nd3 Re8 24. Ne5 c5 25. Qxh6 Rxe5 26. dxe5 Qxe5 27. Qd2 Re8 28. Qd7 1-0

[Event "Madrid-ch U18 0809"]
[Site "Madrid"]
[Date "2008.12.30"]
[Round "5"]
[White "Castejon Caballero, Andres"]
[Black "Arauz Alonso, Fernando"]
[Result "1/2-1/2"]
[WhiteElo "2003"]
[BlackElo "2098"]
[PlyCount "90"]
[EventDate "2008.12.26"]
[EventType "swiss"]
[EventRounds "9"]
[EventCountry "ESP"]
[SourceTitle "CBM 128 Extra"]
[Source "ChessBase"]
[SourceDate "2009.03.05"]
[SourceVersion "2"]
[SourceVersionDate "2009.03.25"]
[SourceQuality "1"]

1. e4 c6 2. d3 d5 3. Nd2 e5 4. Ngf3 Bd6 5. d4 exd4 6. exd5 cxd5 7. Nxd4 Nc6 8. Bb5 Nge7 9. 0-0 0-0 10. N2b3 a6 11. Be2 Qc7 12. h3 Re8 13. Bg5 Bd7 14. Bf3 h6 15. Be3 Ne5 16. Nd2 Rad8 17. Rc1 b5 18. b3 Nxf3+ 19. N2xf3 Nf5 20. Nxf5 Bxf5 21. Nd4 Bh7 22. Qg4 Re4 23. Qf3 Rde8 24. Rfd1 Ba3 25. Rb1 Bc5 26. b4 Bxd4 27. Bxd4 Qxc2 28. Rbc1 Qe2 29. Qg3 Bg6 30. Qc3 Qxa2 31. Bxg7 Rc4 32. Qf6 Re6 33. Qa1 Rxc1 34. Rxc1 Qxa1 35. Bxa1 f6 36. Rc8+ Kg7 37. Bd4 Bf7 38. Bc5 h5 39. Kh2 Kg6 40. Kg3 Kf5 41. Rd8 Ke5 42. Kf3 Bg6 43. Ke3 Re8 44. Rxe8+ Bxe8 45. g4 hxg4 1/2-1/2

[Event "Madrid-ch U18 0809"]
[Site "Madrid"]
[Date "2008.12.29"]
[Round "4"]
[White "Suarez Uriel, Adrian"]
[Black "Castejon Caballero, Andres"]
[Result "0-1"]
[WhiteElo "2123"]
[BlackElo "2003"]
[PlyCount "34"]
[EventDate "2008.12.26"]
[EventType "swiss"]
[EventRounds "9"]
[EventCountry "ESP"]
[SourceTitle "CBM 128 Extra"]
[Source "ChessBase"]
[SourceDate "2009.03.05"]
[SourceVersion "2"]
[SourceVersionDate "2009.03.25"]
[SourceQuality "1"]

1. Nf3 Nf6 2. c4 g6 3. Nc3 d5 4. e3 Bg7 5. d4 0-0 6. Be2 c5 7. 0-0 cxd4 8. Nxd5 Nxd5 9. cxd5 Qxd5 10. Nxd4 Rd8 11. Bf3 Qd7 12. Qb3 Nc6 13. Nxc6 bxc6 14. Rd1 Qc7 15. Rxd8+ Qxd8 16. Bd2 Qxd2 17. Bxc6 Be6 0-1

[Event "Madrid-ch U18 0809"]
[Site "Madrid"]
[Date "2008.12.26"]
[Round "1"]
[White "Ananian, Arman"]
[Black "Castejon Caballero, Andres"]
[Result "0-1"]
[WhiteElo "1562"]
[BlackElo "2003"]
[PlyCount "74"]
[EventDate "2008.12.26"]
[EventType "swiss"]
[EventRounds "9"]
[EventCountry "ESP"]
[SourceTitle "CBM 128 Extra"]
[Source "ChessBase"]
[SourceDate "2009.03.05"]
[SourceVersion "2"]
[SourceVersionDate "2009.03.25"]
[SourceQuality "1"]

1. e4 c5 2. Nf3 Nc6 3. Nc3 Nf6 4. d4 cxd4 5. Nxd4 e5 6. Nxc6 bxc6 7. Bc4 Bb4 8. Bg5 Bxc3+ 9. bxc3 Qa5 10. Qd3 Nxe4 11. Bd2 Nxd2 12. Qxd2 d5 13. Be2 0-0 14. Rd1 Ba6 15. Bxa6 Qxa6 16. Qd3 Qxa2 17. 0-0 a5 18. Ra1 Qc4 19. Qxc4 dxc4 20. Ra4 Rfb8 21. f3 Rb2 22. Rc1 f6 23. Kf2 Kf7 24. Ke3 Ke6 25. Kd2 Kd5 26. Rca1 Rb5 27. Ke3 Rc5 28. Rd1+ Ke6 29. Rb1 Rd8 30. Rb7 Rd7 31. Rb6 f5 32. Ra6 f4+ 33. Ke2 Rcd5 34. Rxc6+ Kf5 35. g3 Rd2+ 36. Kf1 Rxh2 37. gxf4 Rd1# 0-1